<?xml version="1.0" encoding="UTF-8"?>
<collection xmlns="http://www.loc.gov/MARC21/slim">
 <record>
  <leader>01022nab a2200181 i 4500</leader>
  <controlfield tag="001">misc42328</controlfield>
  <controlfield tag="005">20191106140603.0</controlfield>
  <controlfield tag="008">180706s2010    hu      o     0||   zxx d</controlfield>
  <datafield tag="022" ind1=" " ind2=" ">
   <subfield code="a">1215-5233</subfield>
  </datafield>
  <datafield tag="040" ind1=" " ind2=" ">
   <subfield code="a">SZTE Miscellanea Repozitórium</subfield>
   <subfield code="b">hun</subfield>
  </datafield>
  <datafield tag="041" ind1=" " ind2=" ">
   <subfield code="a">zxx</subfield>
  </datafield>
  <datafield tag="100" ind1="1" ind2=" ">
   <subfield code="a">Kállai Gabriella</subfield>
  </datafield>
  <datafield tag="245" ind1="1" ind2="0">
   <subfield code="a">Minek nevezzelek?</subfield>
   <subfield code="h">[elektronikus dokumentum] /</subfield>
   <subfield code="c"> Kállai Gabriella</subfield>
  </datafield>
  <datafield tag="260" ind1=" " ind2=" ">
   <subfield code="c">2010</subfield>
  </datafield>
  <datafield tag="300" ind1=" " ind2=" ">
   <subfield code="a">234-236</subfield>
  </datafield>
  <datafield tag="490" ind1="0" ind2=" ">
   <subfield code="a">Iskolakultúra</subfield>
   <subfield code="v">20 No. 5-6</subfield>
  </datafield>
  <datafield tag="520" ind1="3" ind2=" ">
   <subfield code="a">Nehéz dolog egy olyan kutatásról, kutatási beszámolóról ajánlót készíteni, melyet nem a kutatás eredeti tervezője vezetett és írt. És persze még nehezebb lehet egy ilyen kutatást vezetni, a kutatás eredményeit megírni. Jelen kötet megálmodása és a kutatás előkészítése a 2008-ban hirtelen elhunyt Liskó Ilona nevéhez fűződik, de a kutatás lebonyolítása, befejezése kollégáira, elsősorban Fehérvári Anikóra maradt.</subfield>
  </datafield>
  <datafield tag="856" ind1="4" ind2="0">
   <subfield code="u">http://misc.bibl.u-szeged.hu/42328/1/1_EPA00011_iskolakultura_2010-05-06.pdf</subfield>
   <subfield code="z">Dokumentum-elérés </subfield>
  </datafield>
 </record>
</collection>
